[Event "Villa Martelli Rubinstein op"]
[Site "Villa Martelli"]
[Date "2011.08.06"]
[Round "6"]
[White "Ariganello, Sebastian"]
[Black "Cavadini, Ignacio"]
[Result "1-0"]
[WhiteElo "1860"]
[BlackElo "2111"]
[PlyCount "171"]
[EventDate "2011.08.01"]
[EventType "swiss"]
[EventRounds "9"]
[EventCountry "ARG"]
[SourceTitle "EXT 2012"]
[Source "ChessBase"]
[SourceDate "2011.11.24"]
[SourceVersion "1"]
[SourceVersionDate "2011.11.24"]
[SourceQuality "1"]

1. e4 e5 2. Nc3 Bc5 3. g3 Ne7 4. Bg2 0-0 5. Nge2 c6 6. 0-0 b5 7. d4 exd4 8. Nxd4 a5 9. Be3 Qb6 10. Re1 d6 11. Nf3 Rd8 12. Qd2 Bb7 13. Bxc5 dxc5 14. Qe3 a4 15. e5 Nd5 16. Nxd5 cxd5 17. e6 f6 18. Qf4 Re8 19. Bh3 Nc6 20. c3 Rad8 21. Rad1 a3 22. bxa3 Qa5 23. Ng5 fxg5 24. Qf7+ Kh8 25. Qxb7 Ne7 26. Rb1 Rb8 27. Qd7 Qxc3 28. Re3 Qc2 29. Reb3 Rbd8 30. Qxb5 h5 31. R3b2 Qc3 32. Rb3 Qd2 33. Qxc5 g4 34. R3b2 Qh6 35. Bg2 Qxe6 36. a4 Rc8 37. Qe3 Qg6 38. Rb6 Qf7 39. Qe6 Qf8 40. Bxd5 Rc2 41. Rf1 Rc5 42. Bb3 Nc8 43. Qg6 Nxb6 44. Qxb6 Rec8 45. Qg6 Qf3 46. Qf7 Rf5 47. Qe6 Rcf8 48. Bc2 Rc5 49. Qg6 Rff5 50. Bxf5 Rxf5 51. Qe8+ Kh7 52. Qe3 Qd5 53. Qb3 Qd2 54. a3 h4 55. Qe3 Qd6 56. Re1 Qd5 57. Qe4 Qc5 58. Qe3 Qa5 59. Qe4 h3 60. Rf1 g5 61. Qxg4 Kg6 62. Qxh3 Qxa4 63. Re1 Qc2 64. Qg2 Qb2 65. Qc6+ Rf6 66. Qe8+ Kh6 67. Qh8+ Kg6 68. Qe8+ Kh6 69. Qh8+ Kg6 70. Qe8+ Kh6 71. Qe3 Kg6 72. a4 Qa2 73. Qe4+ Kh6 74. Re2 Qa1+ 75. Kg2 Qd1 76. a5 Qd6 77. h4 gxh4 78. Qxh4+ Kg6 79. Qg4+ Kh6 80. Re8 Rg6 81. Qh4+ Kg7 82. Qh8+ Kf7 83. Re3 Rf6 84. Qe8+ Kg7 85. Qe7+ Qxe7 86. Rxe7+ 1-0

[Event "Villa Martelli Rubinstein op"]
[Site "Villa Martelli"]
[Date "2011.08.04"]
[Round "4"]
[White "Sotelo Rojas, Ruben"]
[Black "Cavadini, Ignacio"]
[Result "0-1"]
[WhiteElo "1947"]
[BlackElo "2111"]
[PlyCount "72"]
[EventDate "2011.08.01"]
[EventType "swiss"]
[EventRounds "9"]
[EventCountry "ARG"]
[SourceTitle "EXT 2012"]
[Source "ChessBase"]
[SourceDate "2011.11.24"]
[SourceVersion "1"]
[SourceVersionDate "2011.11.24"]
[SourceQuality "1"]

1. d4 d5 2. Nf3 g6 3. c4 Bg7 4. cxd5 Nf6 5. Nc3 Nxd5 6. e4 Nxc3 7. bxc3 c5 8. Bb5+ Nd7 9. 0-0 0-0 10. Bc4 cxd4 11. cxd4 Nb6 12. Bb3 Bg4 13. Be3 h6 14. Rc1 Rc8 15. e5 Rxc1 16. Qxc1 g5 17. h4 Nd5 18. hxg5 h5 19. Nh4 Qd7 20. f3 Rc8 21. Qd2 Be6 22. Bf2 Nc3 23. Kh1 b5 24. f4 Bxb3 25. axb3 Qd5 26. Nf5 Bf8 27. Nh6+ Bxh6 28. gxh6 Kh7 29. Bh4 Ne4 30. Qe2 Kxh6 31. Kh2 Re8 32. f5 Rg8 33. Qe3+ Kh7 34. Qf3 Rg4 35. Bxe7 Qxd4 36. f6 Rh4+ 0-1

[Event "Villa Martelli Rubinstein op"]
[Site "Villa Martelli"]
[Date "2011.08.03"]
[Round "3"]
[White "Cavadini, Ignacio"]
[Black "Rivero, Raul Omar"]
[Result "1-0"]
[WhiteElo "2111"]
[BlackElo "1856"]
[PlyCount "65"]
[EventDate "2011.08.01"]
[EventType "swiss"]
[EventRounds "9"]
[EventCountry "ARG"]
[SourceTitle "EXT 2012"]
[Source "ChessBase"]
[SourceDate "2011.11.24"]
[SourceVersion "1"]
[SourceVersionDate "2011.11.24"]
[SourceQuality "1"]

1. e4 c6 2. b3 d5 3. Bb2 dxe4 4. Nc3 Nf6 5. Qe2 Bf5 6. 0-0-0 e6 7. h3 Nbd7 8. g4 Bg6 9. h4 h5 10. g5 Ng4 11. Bg2 Bc5 12. Nh3 Qa5 13. Kb1 Ba3 14. Ba1 e3 15. f3 Nf2 16. Nxf2 exf2 17. Qxf2 Bc5 18. d4 Bb4 19. Qe3 0-0-0 20. f4 Nb6 21. Be4 Bxe4 22. Nxe4 Nd5 23. Qf3 Be7 24. c4 Nb4 25. Qg2 Qf5 26. a3 Nd5 27. cxd5 cxd5 28. Ka2 dxe4 29. Rhe1 Qxf4 30. Rxe4 Qd6 31. Bb2 Rhe8 32. Qe2 g6 33. Rf1 1-0

[Event "Villa Martelli Pro Am op 17th"]
[Site "Villa Martelli"]
[Date "2010.10.11"]
[Round "1"]
[White "Cavadini, Ignacio"]
[Black "Pravettoni, Ezequiel"]
[Result "1-0"]
[WhiteElo "2111"]
[BlackElo "1499"]
[PlyCount "53"]
[EventDate "2010.10.10"]
[EventType "swiss"]
[EventRounds "9"]
[EventCountry "ARG"]
[SourceTitle "CBM 138 Extra"]
[Source "ChessBase"]
[SourceDate "2010.10.29"]
[SourceVersion "1"]
[SourceVersionDate "2010.10.29"]
[SourceQuality "1"]

1. Na3 e5 2. c3 c5 3. g3 Nc6 4. Bg2 d5 5. Nh3 Be6 6. f3 Bd6 7. Nc2 h5 8. Nf2 Nge7 9. 0-0 Qd7 10. d3 f6 11. a3 g5 12. e4 g4 13. exd5 Nxd5 14. Ne4 Be7 15. b4 gxf3 16. Bxf3 Bf7 17. c4 Nc7 18. bxc5 Nd4 19. Be3 Nxf3+ 20. Qxf3 0-0-0 21. Rab1 Ne6 22. Nb4 Nd4 23. Bxd4 Qxd4+ 24. Kh1 Rd7 25. c6 bxc6 26. Nxc6 Bc5 27. Nxd4 1-0